00878nam a2200241Ia 4500001000600000003000900006008004100015040001300056040001300069041001300082100002200095100002900117245005500146245004600201250001100247260001400258260002100272260004900293300005500342500018300397650002500580650003100605A2039IT-RoPAU130308s9999 xx 000 0 und d aIT-RoPAU cIT-RoPAU aFRANCESE aHester Albert Lee gCodice Aut. SPICS: 34852 aProblemes du journalisme dans le tiers monde (Les) bJournalisme et Tiers Monde-Guide Pratique a1a ed. aBRUXELLES bDe Boeck/Wesmael c1989 [1° Ed.:1989 - Ed.Ling.Originale:1989] a"9 p. (prefazione: no ; testo: 9 [pagine: 19-27])" aProblemi del Giornalismo nel terzo Mondo. Necessità di una buona Preparazione. Carenza di Denaro e di Credibilità. Problemi di Supersviluppo. Difficoltà Ad Essere Semplici. aSAGGI DI GIORNALISMO eCodice materia Spics: 7061